La dignidad como fundamento de los derechos humanos en las sentencias del Tribunal Constitucional Peruano: (Registro nro. 20039)

Detalles MARC
000 -Cabecera
Campo de control interno 00565nam a2200181Ia 4500
005 - Fecha y hora del registro
control field 20260306172737.0
008 - Elementos de Longitud Fija
fixed length control field 260306t2012||||xx |||||||||||||| ||spa||
041 ## - Idioma
Codigo Idioma ESP
082 ## - DEWEY y NOTACIÓN INTERNA
Dewey 342.211
Notación Interna CH533
100 ## - AUTOR
Autor denominación Chávez-Fernández Postigo, José
Término de relación autor
245 #0 - TÍTULO DE MATERIAL BIBLIOGRÁFICO
Título La dignidad como fundamento de los derechos humanos en las sentencias del Tribunal Constitucional Peruano:
Título paralelo la tensión entre la mera autonomía y la libertad ontológica
260 ## - CIUDAD, EDITORIAL, AÑO
Año 2012
300 ## - DESCRIPCIÓN
N° Páginas
Dimensiones
650 ## - TEMAS
Temas Generalidades
654 ## - PROGRAMAS
Programa Dpto. de Derecho y Ciencia Política
942 ## - ELEMENTOS DE KOHA
Tipo de documento Libro
Nombre del creador Justo Noguera
Código de catalogador Justo Noguera
Esquema de clasificación Dewey Decimal Classification
Suppress in OPAC
Existencias
Codigo completo Registro Colección Copia número Disponibilidad Tipo de préstamo Biblioteca Actual Procedencia (Biblioteca) Ubicacón Fecha Ingreso Tipo de Adquisición Date last seen Total checkouts Price effective from Tipo de Item Estado del Material Fuente de Clasificación Damaged status Withdrawn status
342.211 CH533 1009894 Universidad Católica San Pablo 3 Disponible Disponible Víctor Andrés Belaunde Víctor Andrés Belaunde Primer piso 03/06/2026 Compra 06/03/2026   06/03/2026 Libro Bueno Dewey Decimal Classification